مكتبة جامعة عجلون الوطنية

فهرس بحث المكتبة

منهج في علم اجتماع الانحراف و علم الاجتماع الجنائي :الظاهرة الأجرامية في ثقافة و بناء المجتمع السعودي بين التصور الإجتماعي و حقائق الاتجاه الإسلامي (Record no. 10147)

MARC details
000 -LEADER
fixed length control field 01203nam a2200229Ii 4500
003 - CONTROL NUMBER IDENTIFIER
control field JO-AjNU
008 - FIXED-LENGTH DATA ELEMENTS--GENERAL INFORMATION
fixed length control field 230605s9999||||xx |||||||||||||| ||und||
017 ## - COPYRIGHT OR LEGAL DEPOSIT NUMBER
Copyright or legal deposit number 16/0780
020 ## - INTERNATIONAL STANDARD BOOK NUMBER
International Standard Book Number 9960-785-51-3
040 ## - CATALOGING SOURCE
Original cataloging agency JO-AjNU
Language of cataloging ara
Description conventions rda
Transcribing agency JO-AjNU
041 ## - LANGUAGE CODE
Language code of text/sound track or separate title ara
050 14 - LIBRARY OF CONGRESS CALL NUMBER
Classification number HV7080.S29 1996
100 3# - MAIN ENTRY--PERSONAL NAME
Personal name تأليف: السيف، محمد بن إبراهيم ؛ تقديم: مدير مركز ابحاث مكافحة الجريمة بوزارة الداخلية,
Relator term author
9 (RLIN) 19763
245 00 - TITLE STATEMENT
Title منهج في علم اجتماع الانحراف و علم الاجتماع الجنائي :الظاهرة الأجرامية في ثقافة و بناء المجتمع السعودي بين التصور الإجتماعي و حقائق الاتجاه الإسلامي
264 31 - PRODUCTION, PUBLICATION, DISTRIBUTION, MANUFACTURE, AND COPYRIGHT NOTICE
Place of production, publication, distribution, manufacture الرياض: مكتبة العبيكان، 1996
300 ## - PHYSICAL DESCRIPTION
Extent 307ص
Other physical details يحتوي على ملاحق وببلوغرافية
336 ## - CONTENT TYPE
Content type term text
Content type code txt
Source rdacontent
337 ## - MEDIA TYPE
Media type term unmediated
Media type code n
Source rdamedia
338 ## - CARRIER TYPE
Carrier type term volume
Carrier type code nc
Source rdacarrier
490 0# - SERIES STATEMENT
Series statement الكتاب الجامعي عن المجتمع السعودي رقم؛ 4
650 #4 - SUBJECT ADDED ENTRY--TOPICAL TERM
Topical term or geographic name entry element جريمة ومجرمون - جنوح الاحداث - السعودية
9 (RLIN) 19764
Holdings
Withdrawn status Lost status Source of classification or shelving scheme Damaged status Not for loan Home library Current library Shelving location Date acquired Total Checkouts Full call number Barcode Date last seen Price effective from Koha item type
    Library of Congress Classification     مكتبة جامعة عجلون الوطنية مكتبة جامعة عجلون الوطنية المجموعات العامة 06/06/2023   HV7080.S29 1996 A6579 06/06/2023 06/06/2023 Books